000 00516nam a2200253Ia 4500
001 071355
003 YMCAF
005 20230512160724.0
008 100717s1993 ||||||||||||||||| ||und|d
020 _a-
024 _a71355
035 _a10818
040 _aYMCAF
_beng
_cIN-KoLT
041 _aeng
082 _a621.381
_b548 JON
100 _aJONES, B E
245 0 _aINSTRUMANTATION MEASUREMENT
250 _a-
260 _b-
_c1993
300 _a283
653 _a-
653 _a-
942 _2ddc
_cBK
999 _c6031
_d6031